[Event "15th HIT Open A"]
[Site "Nova Gorica SLO"]
[Date "2010.02.01"]
[Round "3"]
[White "Srebrnic,M"]
[Black "Lenic,L"]
[Result "0-1"]
[WhiteElo "2322"]
[BlackElo "2595"]

1.e4 c5 2.Nf3 e6 3.d4 cxd4 4.Nxd4 Nc6 5.Nc3 Qc7 6.Be3 a6 7.a3 Nf6 8.f4 d6
9.Be2 Bd7 10.O-O Be7 11.g4 h6 12.Bf3 Nxd4 13.Qxd4 e5 14.Qd2 exf4 15.Bxf4 Bc6
16.Rfe1 O-O 17.Nd5 Bxd5 18.exd5 Rfe8 19.Re2 Bf8 20.Rae1 Qb6+ 21.Be3 Qxb2
22.Bd4 Qxa3 23.Re3 Qa4 24.Bxf6 gxf6 25.Re4 Rxe4 26.Rxe4 Qa3 27.Kg2 Rc8 28.Re2 Qa4
29.Qd3 Qf4 30.h4 f5 31.gxf5 Qxh4 32.Re4 Qf6 33.c4 Kh8 34.Qb1 Rb8 35.Qb6 Bg7
36.Rg4 Qb2+ 37.Qxb2 Bxb2 38.Re4 Bf6 39.Be2 Kg7 40.Re3 Rc8 41.Rb3 Rc7 42.Kf3 Re7
43.Bd3 Bd4 44.Be4 Kf6 45.Rb1 a5 46.Rd1 Bc5 47.Rh1 Kg7 48.Kf4 Bd4 49.Kf3 a4  0-1

[Event "Georgi Tringov Mem"]
[Site "Plovdiv BUL"]
[Date "2010.02.01"]
[Round "2"]
[White "Gocheva,R"]
[Black "Iotov,V"]
[Result "0-1"]
[WhiteElo "2164"]
[BlackElo "2575"]

1.e4 c5 2.Nf3 e6 3.d4 cxd4 4.Nxd4 Nc6 5.Nc3 Qc7 6.g3 a6 7.Bg2 Nf6 8.O-O d6
9.a4 Be7 10.Be3 O-O 11.Qe2 Nxd4 12.Bxd4 e5 13.Be3 Be6 14.Rfd1 Rac8 15.h3 Qc4
16.Qd2 Rfd8 17.a5 Qb4 18.Nd5 Nxd5 19.exd5 Qxd2 20.Rxd2 Bf5 21.Rc1 Rc4 22.Bf1 Ra4
23.b3 Ra3 24.g4 Bg6 25.b4 Rc3 26.b5 axb5 27.Rb1 Bxc2 28.Rxb5 Rd7 29.Rb2 Bb3
30.Bb6 Bd8 31.Kh2 Bxb6 32.axb6 Rd8 33.Bb5 Kf8 34.Rb1 Ke7 35.Bc6 bxc6 36.dxc6 Rb8
37.b7 Ba4  0-1

[Event "Georgi Tringov Mem"]
[Site "Plovdiv BUL"]
[Date "2010.02.01"]
[Round "2"]
[White "Kolev,At1"]
[Black "Livaja,M"]
[Result "1-0"]
[WhiteElo "2571"]
[BlackElo "2164"]

1.e4 c5 2.Nf3 Nc6 3.Nc3 e6 4.d4 cxd4 5.Nxd4 Qc7 6.Be2 a6 7.O-O b5 8.Nxc6 dxc6
9.f4 Bb7 10.Kh1 Nf6 11.e5 b4 12.Na4 Nd5 13.c4 bxc3 14.bxc3 Be7 15.Rb1 c5
16.Qb3 Bc6 17.c4 O-O 18.cxd5 exd5 19.Qc2 Qa5 20.Nb6  1-0

[Event "Georgi Tringov Mem"]
[Site "Plovdiv BUL"]
[Date "2010.02.01"]
[Round "3"]
[White "Nikolova,A"]
[Black "Kolev,At1"]
[Result "1/2-1/2"]
[WhiteElo "2336"]
[BlackElo "2571"]

1.e4 c5 2.Nf3 e6 3.d4 cxd4 4.Nxd4 Nc6 5.Nc3 Qc7 6.Nb3 a6 7.Bd3 Nf6 8.O-O b5
9.Qe2 Be7 10.f4 d6 11.Bd2 O-O 12.a4 b4 13.Nd1 Re8 14.Nf2 e5 15.f5 Bb7 16.Bg5 d5
17.Bxf6 Bxf6 18.Ng4 Qd6 19.Qf2 Nd4 20.Nxd4 dxe4 21.Ne6 fxe6 22.Bc4 Bd5 23.Rad1 Qc6
24.fxe6 Bxe6 25.Nxf6+ gxf6 26.Qxf6 Qxc4 27.Qg5+ Kh8 28.Qxe5+ Kg8 29.Qg5+ Kh8
30.Qe5+ Kg8 31.Qg5+ Kh8  1/2-1/2

[Event "ch-ROU w"]
[Site "Baile Olanesti ROU"]
[Date "2010.02.02"]
[Round "3"]
[White "Uta,Ad"]
[Black "Padurariu,I"]
[Result "0-1"]
[WhiteElo "2057"]
[BlackElo "2181"]

1.e4 c5 2.Nf3 e6 3.d4 cxd4 4.Nxd4 Nc6 5.Nc3 Qc7 6.Be3 a6 7.Qd2 Nf6 8.O-O-O Bb4
9.f3 b5 10.Nb3 Ne5 11.Qe1 Be7 12.Qg3 O-O 13.Be2 Bb7 14.Bd4 d6 15.Kb1 Rfc8
16.Rc1 Bc6 17.Qf2 Ned7 18.g4 b4 19.Nd1 e5 20.Be3 d5 21.g5 Nh5 22.exd5 Bxd5
23.Bd2 a5 24.Ne3 Be6 25.Ng2 a4 26.Na1 a3 27.b3 Bxg5 28.Bxb4 Rab8 29.Qe1 Bxc1
30.Kxc1 Qb6 31.c3 Nhf6 32.Qh4 Nd5 33.Bd3 Nxb4 34.Qxh7+ Kf8 35.Qh8+ Ke7 36.Qh4+ Ke8
37.Qxb4 Qf2  0-1

[Event "ch-ROU w"]
[Site "Baile Olanesti ROU"]
[Date "2010.02.02"]
[Round "4"]
[White "Paulet,I"]
[Black "Ilie,M"]
[Result "1-0"]
[WhiteElo "2314"]
[BlackElo "2006"]

1.e4 c5 2.Nf3 e6 3.d4 cxd4 4.Nxd4 Nc6 5.Nc3 Nf6 6.Ndb5 Bb4 7.a3 Bxc3+ 8.Nxc3 d5
9.exd5 exd5 10.Bd3 h6 11.O-O O-O 12.h3 d4 13.Ne2 Nd5 14.Nf4 Nxf4 15.Bxf4 Qf6
16.Qf3 Re8 17.Rfe1 Bd7 18.Qg3 Rac8 19.h4 Re6 20.Rxe6 Qxe6 21.Bd2 Qg4 22.Qxg4 Bxg4
23.Re1 Kf8 24.b4 Re8 25.Be4 Bd7 26.b5 Nd8 27.Bb4+ Kg8 28.a4 b6 29.Kf1 Ne6
30.Bd3 g6 31.Re4 Kg7 32.Ke1 f5 33.Re2 Kf6 34.Kd2 g5 35.hxg5+ hxg5 36.Bd6 g4
37.Re5 Nc5 38.Rxc5 bxc5 39.Bxc5 a6 40.Bxd4+ Ke6 41.c4 axb5 42.axb5 Ra8 43.g3 Ra2+
44.Kc3 Ra3+ 45.Kc2 Kd6 46.Bf1 Ra4 47.Be3 Rb4 48.c5+ Kc7 49.Bf4+ Kc8 50.b6 Kb7
51.Kc3 Ra4 52.Bd3 Kc6 53.Bb5+ Kxb5 54.b7 Rc4+ 55.Kd3  1-0

[Event "2nd Chennai Open"]
[Site "Chennai IND"]
[Date "2010.02.02"]
[Round "10"]
[White "Manik,M"]
[Black "Vaibhav,S"]
[Result "1-0"]
[WhiteElo "2435"]
[BlackElo "2326"]

1.e4 c5 2.Nf3 e6 3.d4 cxd4 4.Nxd4 Nc6 5.Nc3 Qc7 6.Be3 a6 7.Qd2 Nf6 8.O-O-O Bb4
9.f3 b5 10.g4 Bb7 11.Kb1 O-O 12.g5 Ne8 13.Nxc6 Bxc6 14.Rg1 Ba5 15.Qf2 Rc8
16.Bd3 Bxc3 17.bxc3 Ba8 18.Rg3 Qxc3 19.Bd4 Qb4+ 20.Ka1 Qe7 21.Rh3 f6 22.Qh4 g6
23.gxf6 Nxf6  1-0

[Event "ch-ROU m"]
[Site "Baile Olanesti ROU"]
[Date "2010.02.03"]
[Round "5"]
[White "Ciobanu,V"]
[Black "Nanu,C"]
[Result "0-1"]
[WhiteElo "2261"]
[BlackElo "2506"]

1.e4 c5 2.Nf3 Nc6 3.d4 cxd4 4.Nxd4 e6 5.Nc3 Qc7 6.Be2 a6 7.O-O Nf6 8.Be3 d6
9.f4 Be7 10.a4 O-O 11.Kh1 Na5 12.Qd3 b6 13.b4 Nb7 14.Bf3 Nd7 15.Rab1 Rd8
16.Nce2 Ne5 17.fxe5 dxe5 18.Qb3 exd4 19.Bxd4 e5 20.Bh5 exd4 21.Rxf7 Kh8 22.Rbf1 Qe5
23.Nf4 Nd6 24.Nd3 Qg5  0-1

[Event "8th Gibtelecom Masters"]
[Site "Caleta ENG"]
[Date "2010.02.04"]
[Round "10"]
[White "Bacrot,E"]
[Black "Cramling,P"]
[Result "1-0"]
[WhiteElo "2713"]
[BlackElo "2528"]

1.e4 c5 2.Nf3 e6 3.d4 cxd4 4.Nxd4 Nc6 5.Nc3 Qc7 6.Be2 a6 7.O-O Nf6 8.Be3 d6
9.f4 Be7 10.Qe1 O-O 11.Qg3 Nxd4 12.Bxd4 b5 13.a3 Bb7 14.Rae1 Rad8 15.Kh1 Rd7
16.Bd3 Re8 17.Nd1 Qd8 18.Qh3 h6 19.Rf3 e5 20.Bc3 Bc8 21.Ne3 Rc7 22.Nf5 Bxf5
23.Qxf5 Rxc3 24.bxc3 Qc7 25.Ref1 Bf8 26.Rg3 Kh8 27.fxe5 Rxe5 28.Qf2 Be7 29.Qd4 Rc5
30.a4 bxa4 31.Qxa4 Ra5 32.Qb3 Kg8 33.Rgf3 Bd8 34.Rf5 d5 35.e5 Nd7  1-0

[Event "Open A"]
[Site "Moscow RUS"]
[Date "2010.02.04"]
[Round "6"]
[White "Lintchevski,D"]
[Black "Nepomniachtchi,I"]
[Result "1/2-1/2"]
[WhiteElo "2498"]
[BlackElo "2658"]

1.e4 c5 2.Nf3 e6 3.d4 cxd4 4.Nxd4 Nc6 5.Nc3 Qc7 6.Be2 a6 7.O-O Nf6 8.Be3 b5
9.Nxc6 dxc6 10.f4 e5 11.fxe5 Qxe5 12.Kh1 Be6 13.Bd4 Qc7 14.e5 Nd5 15.Bg4 Qd7
16.Bxe6 Qxe6 17.Ne4 Be7 18.Qf3 O-O 19.Nf6+ Nxf6 20.exf6 Bxf6 21.Rae1 Bxd4
22.Rxe6 fxe6 23.Qe2 Rxf1+ 24.Qxf1 Bxb2 25.Qe2 e5 26.g3 Re8 27.Qe4 Re6 28.Kg2 Bd4
29.Qd3 c5 30.Qf5 Rf6 31.Qc8+ Kf7 32.Qd7+ Kf8 33.Qd8+ Kf7 34.Qd5+ Kf8 35.c3 Bf2
36.Qxe5 h6 37.h4 Kf7 38.g4 g6 39.Qd5+ Kg7 40.Kh3 b4 41.cxb4 cxb4 42.Qb7+ Rf7
43.Qxb4 h5 44.Qc3+ Kh7 45.Qd3 hxg4+ 46.Kxg4 Rf5 47.Qxa6 Bd4 48.Qc6 Bg7 49.Qc7 Rd5
50.Qf7 Ra5 51.Qb3 Rc5 52.a4 Ra5 53.Qc4 Re5 54.Kh3 Rh5 55.Kg3 Bf6 56.Qf7+ Bg7
57.Qa7 Kg8 58.Qb6 Kh7 59.a5 Bf8 60.a6 Bc5 61.Qb7+ Kg8 62.a7 Bxa7 63.Qxa7 Rf5
64.Kg4 Kh8 65.Qe7 Kg8 66.Qd7 Kh8 67.Qd6 Kg7 68.h5 Rxh5 69.Kf4 Rf5+ 70.Ke4 Kf7
71.Qc7+ Kg8 72.Qh2 Kg7 73.Qh4 Rf7 74.Ke5 Rf5+ 75.Ke6 Rf7 76.Qd4+ Kg8 77.Qc3 Rf5
78.Ke7 Rf7+ 79.Ke6 Rf5 80.Qc7 Kh8 81.Qd6 Kg7 82.Ke7 Rf7+ 83.Ke8 Rf5 84.Qh2 Rf8+
85.Ke7 Rf7+ 86.Ke6 Rf5 87.Qb2+ Kg8 88.Qb7 Kh8 89.Ke7 Kg8 90.Qb3+ Kg7 91.Qe6 Kh7
92.Ke8 Kg7 93.Qd6 Kh7 94.Qe7+ Kg8 95.Qe6+  1/2-1/2

[Event "15th HIT Open A"]
[Site "Nova Gorica SLO"]
[Date "2010.02.04"]
[Round "7"]
[White "Srebrnic,M"]
[Black "Povse,M"]
[Result "1-0"]
[WhiteElo "2322"]
[BlackElo "2104"]

1.e4 c5 2.Nf3 Nc6 3.Nc3 e6 4.d4 cxd4 5.Nxd4 Qc7 6.Be3 a6 7.a3 Nf6 8.f4 d6
9.Qf3 Nxd4 10.Bxd4 e5 11.fxe5 dxe5 12.Qg3 Qc6 13.Qxe5+ Be6 14.Qa5 Rc8 15.Bd3 Bc5
16.Bxc5 Qxc5 17.Qxc5 Rxc5 18.O-O-O Ng4 19.Rd2 Ke7 20.Be2 Nf2 21.Re1 Rxc3
22.bxc3 Nxe4 23.Rd4 Nxc3 24.Bc4 Rc8 25.Bxe6 fxe6 26.Re3 Rc5 27.Rg4 Kf7 28.Rf3+ Kg8
29.Kb2 Nd5 30.c4 Ne7 31.Rd3 Rc7 32.Rd8+ Kf7 33.Rf4+ Kg6 34.Rd6 Rc6 35.Rd7 Nf5
36.Rxb7 h5 37.Rd7 Kf6 38.Kb3 g5 39.Rf2 g4 40.Kb4 h4 41.c5 Ke5 42.Re2+ Kf4
43.Rf7 g3 44.hxg3+ hxg3 45.Rf6 Kg4 46.Rfxe6 a5+ 47.Kc4 Rc8 48.c6 Kf4 49.Kc5 Rb8
50.R6e5 Kg5 51.c7 Rc8 52.Kc6  1-0

[Event "Georgi Tringov Mem"]
[Site "Plovdiv BUL"]
[Date "2010.02.04"]
[Round "7"]
[White "Tzouganakis,P"]
[Black "Dimitrov,Vl"]
[Result "0-1"]
[WhiteElo "2069"]
[BlackElo "2414"]

1.e4 c5 2.Nf3 e6 3.d4 cxd4 4.Nxd4 Nc6 5.Nc3 Qc7 6.Be3 a6 7.Qd2 Nf6 8.O-O-O d6
9.f3 Be7 10.g4 b5 11.Nxc6 Qxc6 12.Ne2 Bb7 13.Nd4 Qc7 14.Bd3 Nd7 15.Bg5 Ne5
16.Bxe7 Qxe7 17.g5 Rc8 18.h4 d5 19.exd5 Bxd5 20.Rhe1 Nxf3 21.Nxf3 Bxf3 22.Be2 Bxe2
23.Rxe2 Rd8 24.Qa5 Rxd1+ 25.Kxd1 Qd8+ 26.Qxd8+ Kxd8 27.a4 Ke7 28.Re4 h6 29.axb5 axb5
30.gxh6 Rxh6 31.Ke2 Rh5 32.Ke3 Rc5 33.Kd3 f5 34.Rf4 Kf6 35.b3 Rd5+ 36.Ke3 e5
37.Rb4 f4+ 38.Ke4 Rd2 39.Rxb5 Re2+ 40.Kf3 Rxc2 41.Rb7 Rc3+ 42.Kf2 e4 43.Rb5 Rc2+
44.Kf1 f3 45.Rb4 Ke5  0-1

[Event "ch-ROU m"]
[Site "Baile Olanesti ROU"]
[Date "2010.02.05"]
[Round "7"]
[White "Dragomirescu,R"]
[Black "Parligras,M"]
[Result "1/2-1/2"]
[WhiteElo "2348"]
[BlackElo "2555"]

1.e4 c5 2.Nf3 e6 3.d4 cxd4 4.Nxd4 Nc6 5.Nc3 Qc7 6.Be3 a6 7.Qd2 Nf6 8.O-O-O Be7
9.f3 h5 10.f4 b5 11.e5 b4 12.Ncb5 axb5 13.Nxb5 Qb8 14.exf6 gxf6 15.Kb1 d5
16.c4 bxc3 17.Qxc3 Bd7 18.Bc5 Qxf4 19.Bxe7 Kxe7 20.Qc5+ Kd8 21.Nd6 Kc7 22.Nb5+ Kd8
23.Nd6 Kc7 24.Nb5+ Kd8  1/2-1/2

[Event "Bundesliga 2009-10"]
[Site "Muelheim GER"]
[Date "2010.02.05"]
[Round "7"]
[White "Berelowitsch,A"]
[Black "Bischoff,K"]
[Result "1/2-1/2"]
[WhiteElo "2551"]
[BlackElo "2561"]

1.e4 c5 2.Nf3 e6 3.Nc3 Nc6 4.d4 cxd4 5.Nxd4 d6 6.g4 a6 7.Be3 Bd7 8.Qd2 Rc8
9.Nxc6 Bxc6 10.Bg2 Nf6 11.h3 Be7 12.O-O b5 13.g5 Nd7 14.Ne2 O-O 15.f4 Re8
16.Ng3 Bf8 17.Rae1 Qc7 18.c3 Ba8 19.Qf2 Rb8 20.Ba7 Rb7 21.Be3 Rbb8 22.Ba7 Rb7
23.Be3  1/2-1/2

[Event "ch-ROU w"]
[Site "Baile Olanesti ROU"]
[Date "2010.02.06"]
[Round "8"]
[White "Baciu,A"]
[Black "Bulmaga,I"]
[Result "0-1"]
[WhiteElo "2163"]
[BlackElo "2239"]

1.e4 c5 2.Nf3 e6 3.d4 cxd4 4.Nxd4 Nc6 5.Nc3 Qc7 6.Nxc6 bxc6 7.Bd3 Nf6 8.O-O Be7
9.Qe2 d5 10.f4 g6 11.Kh1 h5 12.exd5 cxd5 13.Nb5 Qb8 14.f5 Ng4 15.Bf4 e5 16.fxg6 exf4
17.Rae1 Ne3 18.g7 Rg8 19.Qxh5 Rxg7 20.g3 d4 21.Be4 Bb7 22.Qf3 fxg3 23.hxg3 Rh7+
24.Kg1 Bxe4  0-1

[Event "TCh-NED 2009-10"]
[Site "Netherlands NED"]
[Date "2010.02.06"]
[Round "6"]
[White "Bierenbroodspot,P"]
[Black "Nijboer,F"]
[Result "1/2-1/2"]
[WhiteElo "2252"]
[BlackElo "2540"]

1.e4 c5 2.Nf3 e6 3.Nc3 Nc6 4.d4 cxd4 5.Nxd4 Qc7 6.Be3 Nf6 7.Be2 Be7 8.O-O O-O
9.f4 d6 10.Qe1 Nxd4 11.Bxd4 e5 12.fxe5 dxe5 13.Qg3 Bc5 14.Bxc5 Qxc5+ 15.Kh1 Ne8
16.Nd5 Be6 17.Qxe5 Bxd5 18.exd5 Nd6 19.Bd3 Rae8 20.Qh5 f5 21.Bxf5 Nxf5 22.Rxf5 Qxc2
23.Rxf8+ Rxf8 24.d6 Qd3 25.Qd1 Qxd1+ 26.Rxd1 Rd8 27.g4 Kf7 28.Kg2 Ke6  1/2-1/2

[Event "Magistral"]
[Site "Alzira Oliva Alcudia ESP"]
[Date "2010.02.09"]
[Round "1"]
[White "Pena Riasco,A"]
[Black "Bellon Lopez,JuM"]
[Result "1-0"]
[WhiteElo "2211"]
[BlackElo "2440"]

1.e4 c5 2.Nf3 e6 3.d4 cxd4 4.Nxd4 Nc6 5.Nc3 Qc7 6.Be3 Nf6 7.f3 a6 8.Nb3 b5
9.Qd2 Ne5 10.O-O-O Nc4 11.Bxc4 bxc4 12.Nd4 Rb8 13.e5 Qb7 14.b3 Nd5 15.Nxd5 Qxd5
16.Kb1 Bb4 17.Qf2 Qxe5 18.Ne2 cxb3 19.axb3 Rb5 20.Bd4 Bc5 21.Bxe5 Bxf2 22.Bxg7 Rg8
23.Bd4 Rxg2 24.Nf4 Bxd4 25.Nxg2 Bf6 26.Rd3 Bb7 27.Rhd1 Rf5 28.Ne1 Bc6 29.c3 a5
30.Kb2 Bb5 31.Re3 Bg5 32.Re4 d5 33.Rg4 h5 34.Rg2 Bc6 35.Nc2 e5 36.Re2 Kf8
37.Ne3 Rxf3 38.Nxd5 f6 39.Nc7 Ke7 40.c4 a4 41.bxa4 Bxa4 42.Rd5 Bc6 43.Rd1 Rh3
44.c5 Bf3 45.Rd3 Bxe2 46.Rxh3 e4 47.Rc3 f5 48.c6 Bd2 49.Rc2 Ba5 50.Nd5+ Kd6
51.Ne3 Bd3 52.Nxf5+ Ke6 53.Ng7+ Kf7 54.c7 Ba6 55.Nf5 Ke6 56.c8=Q+ Bxc8 57.Rxc8 Kxf5
58.Rc5+ Kg4 59.Rxa5 h4 60.Kc2 Kf3 61.Rg5 e3 62.Kd3 Kf2 63.Re5 Kg2 64.Kxe3 h3
65.Rg5+ Kh1 66.Rh5  1-0

[Event "TCh-Eur Seniors"]
[Site "Dresden GER"]
[Date "2010.02.10"]
[Round "1"]
[White "Malmdin,N"]
[Black "Villing,D"]
[Result "1-0"]
[WhiteElo "2281"]
[BlackElo "2209"]

1.e4 c5 2.Nf3 Nc6 3.Nc3 e6 4.d4 cxd4 5.Nxd4 Nf6 6.a3 Bc5 7.Nxc6 bxc6 8.e5 Nd5
9.Ne4 Qb6 10.c4 Nc7 11.b4 Be7 12.Be3 Qb8 13.Bd3 Na6 14.f4 Bb7 15.O-O g6 16.Rb1 Qc7
17.c5 Nb8 18.Qe2 O-O 19.Bd4 a5 20.f5 exf5 21.Nd6 Ba6 22.Nxf5 Bg5 23.b5 Bxb5
24.Rxb5 cxb5 25.Qg4 Qd8 26.h4 h5 27.Qe4 Ra6 28.Nd6 Bxh4 29.Bxb5 Rxd6 30.exd6 Nc6
31.Bxc6 dxc6 32.Qxc6 Bg3 33.Bf6 Qb8 34.Be7 Qb2 35.Qd5  1-0

[Event "9th Aeroflot Open A"]
[Site "Moscow RUS"]
[Date "2010.02.10"]
[Round "2"]
[White "Hou Yifan"]
[Black "Amonatov,F"]
[Result "1/2-1/2"]
[WhiteElo "2590"]
[BlackElo "2634"]

1.e4 c5 2.Nf3 e6 3.d4 cxd4 4.Nxd4 Nc6 5.Nc3 d6 6.Be2 Nf6 7.Be3 Be7 8.Qd2 a6
9.f4 Qc7 10.g4 Nxd4 11.Bxd4 e5 12.Bf2 b5 13.fxe5 dxe5 14.g5 b4 15.Nb5 axb5
16.gxf6 gxf6 17.Bxb5+ Bd7 18.Qd5 Rb8 19.Bxd7+ Qxd7 20.O-O-O Qxd5 21.Rxd5 Rg8
22.Rg1 Rxg1+ 23.Bxg1 Ra8 24.Kb1 Rc8 25.b3 Rc3 26.Rd3 Rxd3 27.cxd3 Kd7 28.Kc2 Ke6
29.Kd2 f5 30.Ke2 h5 31.Bf2 fxe4 32.dxe4 f5 33.Kf3 f4 34.h3 Kd6 35.Be1 Kc5
36.Bf2+ Kb5 37.Be1 Bd8 38.Bf2 Bb6 39.Bh4 Bc5 40.Bf6 Bd6 41.Bh4 Kc5 42.Bf2+ Kb5  1/2-1/2

[Event "9th Aeroflot Open A"]
[Site "Moscow RUS"]
[Date "2010.02.10"]
[Round "2"]
[White "So,W"]
[Black "Bocharov,D"]
[Result "1-0"]
[WhiteElo "2656"]
[BlackElo "2594"]

1.e4 c5 2.Nf3 Nc6 3.d4 cxd4 4.Nxd4 e6 5.Nc3 Qc7 6.Be3 a6 7.Qd2 b5 8.O-O-O b4
9.Na4 Nf6 10.f3 Ne5 11.Nb3 Rb8 12.Qf2 Be7 13.Ba7 Rb7 14.Bb6 Qc6 15.Bd4 Qxa4
16.Bxe5 O-O 17.Kb1 d5 18.exd5 exd5 19.Bd3 Qc6 20.Rhe1 Bd8 21.g4 Re7 22.g5 Nh5
23.Qh4 g6 24.Qxb4 Rfe8 25.f4 Bg4 26.Rc1 Bb6 27.Bd4 Rxe1 28.Rxe1 Rxe1+ 29.Qxe1 Nxf4
30.Bxb6 Nxd3 31.Qg1 Nb4 32.Bc5  1-0

[Event "9th Aeroflot Open A"]
[Site "Moscow RUS"]
[Date "2010.02.11"]
[Round "3"]
[White "Amonatov,F"]
[Black "Novikov,St1"]
[Result "1/2-1/2"]
[WhiteElo "2634"]
[BlackElo "2557"]

1.e4 c5 2.Nf3 Nc6 3.Nc3 e6 4.d4 cxd4 5.Nxd4 Qc7 6.Be3 Nf6 7.f4 Bb4 8.Nb5 Qa5
9.e5 Nd5 10.Bd2 Nxc3 11.Bxc3 O-O 12.Qd2 a6 13.Bxb4 Qxb4 14.Qxb4 Nxb4 15.Nd4 d6
16.exd6 Rd8 17.c3 Rxd6 18.O-O-O Nd5 19.Nb3 Bd7 20.Bc4 Bc6 21.Na5 Kf8 22.Rd4 Ke7
23.Rhd1 g6 24.g3 Rd7 25.Be2 Nb6 26.Rxd7+ Nxd7 27.Nxc6+ bxc6 28.Bf3 Rc8 29.Rd4 Nc5
30.Kc2 a5 31.Rc4 Kd6 32.b4 axb4 33.cxb4 Nd7 34.b5 c5 35.Ra4 c4 36.Ra6+ Kc5
37.Ra7 Nb6 38.Rxf7 Rd8 39.Rc7+ Kxb5 40.Rxh7 Nd5 41.a3 Kc5 42.Kc1 Kd4 43.Bg4 Kc3
44.Bf3 Ne3 45.Re7 Rd6 46.g4 Ra6 47.Be4 Rd6 48.Bf3 Ra6 49.Be4 Rxa3 50.Bxg6 Nd5
51.Rxe6 Nxf4 52.Re3+ Nd3+ 53.Kb1 Rb3+ 54.Ka1 Ra3+ 55.Kb1 Rb3+ 56.Ka1 Rb6
57.Bf5 Ra6+ 58.Kb1 Rb6+ 59.Ka1 Ra6+ 60.Kb1 Kd2 61.Rg3 Rb6+ 62.Ka1 Ne1 63.g5 c3
64.Ka2 Rb5 65.Be4 Re5 66.Bh7 Re7 67.Bf5 Re5 68.Bh7 c2 69.Bxc2 Kxc2 70.g6 Nd3
71.Rg2+ Kc3 72.Rg3 Ra5+ 73.Kb1 Rb5+ 74.Ka2 Ra5+ 75.Kb1 Rb5+  1/2-1/2

[Event "9th Aeroflot Open A"]
[Site "Moscow RUS"]
[Date "2010.02.11"]
[Round "3"]
[White "Kamsky,G"]
[Black "Khusnutdinov,R"]
[Result "1-0"]
[WhiteElo "2693"]
[BlackElo "2513"]

1.e4 c5 2.Nf3 e6 3.d4 cxd4 4.Nxd4 Nc6 5.Nc3 Qc7 6.Be2 Nf6 7.O-O Be7 8.Be3 O-O
9.f4 d6 10.Kh1 Nxd4 11.Bxd4 e5 12.Be3 b6 13.a4 Bb7 14.Nd5 Bxd5 15.exd5 Nd7
16.Bb5 exf4 17.Bxf4 a6 18.Bc6 Rac8 19.b4 Ne5 20.b5 a5 21.Ra3 f5 22.Re3 Rcd8
23.Qe2 Bf6 24.Re1 Rf7 25.c4 Re7 26.Qc2 Rf8 27.h3 g5 28.Bh2 Bg7 29.c5 bxc5
30.Bxe5 Bxe5 31.Rxe5 Rxe5 32.Rxe5 dxe5 33.Qxc5 Rd8 34.b6 Qd6 35.Qxa5 e4 36.Qe1 Qe5
37.a5 e3 38.a6 Qd4 39.b7 Kf7 40.Bb5 Qxd5 41.Be2 g4 42.hxg4 fxg4 43.Bxg4 Qd4
44.Bf3 Rf8 45.Qg3 Kf6 46.a7  1-0

[Event "TCh-Eur Seniors"]
[Site "Dresden GER"]
[Date "2010.02.12"]
[Round "3"]
[White "Wittmann,W"]
[Black "Titz,Hei"]
[Result "1/2-1/2"]
[WhiteElo "2294"]
[BlackElo "2248"]

1.e4 c5 2.Nf3 e6 3.d4 cxd4 4.Nxd4 Nc6 5.Nc3 Qc7 6.f4 a6 7.Nxc6 Qxc6 8.Bd3 d6
9.Qe2 Nf6 10.Bd2 Be7 11.O-O O-O 12.Kh1 Nd7 13.e5 g6 14.Rf3 Nc5 15.exd6 Qxd6
16.Ne4 Nxe4 17.Bxe4 Bf6 18.Rb3 Qc7 19.Qf3 a5 20.a4 Rd8 21.Bc3 Bxc3 22.Rxc3 Qe7
23.Rb3 Rb8  1/2-1/2

[Event "TCh-FIN 2009-10"]
[Site "Finland FIN"]
[Date "2010.02.13"]
[Round "6"]
[White "Hamalainen,S"]
[Black "Nokso Koivisto,An"]
[Result "1-0"]
[WhiteElo "2249"]
[BlackElo "2188"]

1.e4 c5 2.Nf3 e6 3.Nc3 Nc6 4.d4 cxd4 5.Nxd4 Qc7 6.g3 d6 7.Bg2 a6 8.a4 Nf6
9.O-O Be7 10.Nb3 b6 11.f4 Bb7 12.Be3 O-O 13.g4 Rfd8 14.g5 Nd7 15.Qh5 g6 16.Qh3 Bf8
17.f5 Re8 18.fxg6 fxg6 19.Nd5 exd5 20.Rf7 Kxf7 21.Qxh7+ Bg7 22.Rf1+ Ke7 23.Qxg7+ Kd8
24.exd5 Rxe3 25.dxc6 Bxc6 26.Nd4 Bxg2 27.Qg8+  1-0

[Event "TCh-FIN 2009-10"]
[Site "Finland FIN"]
[Date "2010.02.13"]
[Round "6"]
[White "Rantanen,Y"]
[Black "Volodin,Alek"]
[Result "0-1"]
[WhiteElo "2355"]
[BlackElo "2429"]

1.e4 c5 2.Nf3 e6 3.d4 cxd4 4.Nxd4 Nc6 5.Nc3 Qc7 6.Be2 Nf6 7.O-O a6 8.Be3 Bb4
9.Na4 O-O 10.Nxc6 bxc6 11.f4 Rb8 12.Bd3 Be7 13.c4 d6 14.e5 Nd7 15.Bd4 g6
16.Qe1 c5 17.Bc3 Qc6 18.b3 Bb7 19.Qe2 d5 20.Rae1 d4 21.Bd2 Kg7 22.Rf3 Rbe8
23.Be4 Qxe4 24.Qxe4 Bxe4 25.Rxe4 h5 26.Ba5 Rb8 27.Kf1 Rb7 28.Ke2 Rc8 29.Bd2 Rc6
30.Kd3 Rb8 31.Kc2 Rb7 32.Re1 Rc8 33.Rd1 Rc6 34.a3 Rc8 35.Nb2 Rcb8 36.h3 f6
37.exf6+ Bxf6 38.Re1 e5 39.Nd3 e4 40.Rxe4 Rxb3 41.Re6 Rxa3 42.Rc6 Ra2+ 43.Kd1 Ra1+
44.Kc2 Rb7 45.Bc1 Ra2+ 46.Nb2 Nb8 47.Rc8 d3+ 48.Rxd3 Bxb2  0-1

[Event "TCh-Eur Seniors"]
[Site "Dresden GER"]
[Date "2010.02.14"]
[Round "5"]
[White "Ludvigsen,J"]
[Black "Gaebler,H"]
[Result "1-0"]
[WhiteElo "1821"]
[BlackElo "1750"]

1.e4 c5 2.Nf3 e6 3.d4 cxd4 4.Nxd4 Nc6 5.Nc3 Nf6 6.Ndb5 d6 7.Bf4 e5 8.Bg5 a6
9.Na3 h6 10.Bxf6 gxf6 11.Nc4 Be6 12.Ne3 b5 13.Ncd5 Bg7 14.c3 O-O 15.Bd3 Ne7
16.Qf3 Ng6 17.Nf5 Bxd5 18.exd5 e4 19.Bxe4 Re8 20.O-O Rc8 21.Rae1 Re5 22.Qg3 Kh7
23.h4 Rc4 24.f3 h5 25.Qf2 Bf8 26.Qa7 Kg8 27.Qxa6 Ra4 28.Qxb5 Rxa2 29.Nd4 Ne7
30.f4  1-0

[Event "TCh-Eur Seniors"]
[Site "Dresden GER"]
[Date "2010.02.14"]
[Round "5"]
[White "Potthammel,J"]
[Black "Schutze,H"]
[Result "1/2-1/2"]
[WhiteElo "2117"]
[BlackElo "2086"]

1.e4 c5 2.Nf3 e6 3.d4 cxd4 4.Nxd4 Nc6 5.Nc3 Nf6 6.Nxc6 bxc6 7.e5 Nd5 8.Ne4 f5
9.Nd6+ Bxd6 10.exd6 O-O 11.c4 Nf6 12.Bf4 Rb8 13.Be5 Ne4 14.Qd4 Qa5+ 15.Ke2 c5
16.Qd3 Ba6 17.b3 Rb4 18.Bc3 Nxc3+ 19.Qxc3 Qa3 20.Kf3 Rc8 21.Be2 Rc6 22.Rhd1 Bb7
23.Kg3 Qa6 24.Qe5 Rc8 25.h3 Qc6 26.Bf3 Qb6 27.Bxb7 Qxb7 28.Kh2 Rb6 29.Rd3 Qe4
30.Qxe4 fxe4 31.Rd2 Rcc6 32.Rad1 Kf7 33.Kg3 e5 34.Kg4 Ke6 35.Kg5 Rb8 36.Re1 Rxd6
37.Rxd6+ Kxd6 38.Rxe4 Rf8 39.f4 exf4 40.Rxf4 Re8 41.Rf7 Re7 42.Rxe7 Kxe7
43.Kf5 d6 44.h4 Kf7 45.h5 Ke7 46.g4 Kf7 47.g5 Ke7  1/2-1/2

[Event "TCh-SUI NatLigaA"]
[Site "Switzerland SUI"]
[Date "2010.02.14"]
[Round "1"]
[White "Brendel,O"]
[Black "Moor,R"]
[Result "1/2-1/2"]
[WhiteElo "2385"]
[BlackElo "2365"]

1.e4 c5 2.Nf3 e6 3.d4 cxd4 4.Nxd4 Nc6 5.Nc3 a6 6.Nxc6 bxc6 7.Bd3 d5 8.O-O Nf6
9.Re1 Be7 10.e5 Nd7 11.Qg4 g6 12.Bh6 Rb8 13.b3 Rb4 14.f4 Bf8 15.Bxf8 Kxf8
16.Na4 Qe7 17.c3 Rb8 18.c4 Nc5 19.Nxc5 Qxc5+ 20.Kh1 Qe7 21.Rac1 Kg7 22.h4 h5
23.Qg5 Qxg5 24.hxg5 Bd7 25.Kg1 a5 26.cxd5 exd5 27.Rc5 Rb4 28.Rf1 Rd4 29.Bc2 h4
30.Rxa5 h3 31.gxh3 Rxh3 32.Kg2 Rc3 33.Rf2 Rb4 34.a3 Rb8 35.b4 d4 36.Rd2 Bh3+
37.Kf2 Bg4 38.Be4 Rh8 39.Bg2 Rd8 40.Be4 Bf5 41.Bxf5 gxf5 42.Rc5 Rxa3 43.Rxc6 Rh8
44.Rh6 Rc8 45.Rd6 Rb3 46.R6xd4 Rb8 47.Ke2 Kg6 48.R2d3 R3xb4 49.Rxb4 Rxb4
50.Ke3 Kh5 51.Rd4 Rb3+ 52.Rd3 Rb4 53.Kf3 Ra4 54.Re3 Ra6 55.Re2 Ra3+ 56.Re3 Ra6
57.Rb3 Ra4 58.Kg3 Rc4 59.Ra3 Rb4 60.Rd3 Ra4 61.Re3  1/2-1/2

[Event "BSF 75th Ann."]
[Site "Bronshoj DEN"]
[Date "2010.02.15"]
[Round "1"]
[White "Hillarp Persson,T"]
[Black "Aabling Thomsen,J"]
[Result "1-0"]
[WhiteElo "2581"]
[BlackElo "2312"]

1.e4 c5 2.Nf3 e6 3.d4 cxd4 4.Nxd4 Nc6 5.Nc3 Qc7 6.Be2 a6 7.O-O Nf6 8.Be3 Be7
9.f4 d6 10.Kh1 O-O 11.Qe1 Nd7 12.Rd1 Bf6 13.Qd2 Nxd4 14.Bxd4 Rd8 15.Bxf6 Nxf6
16.e5 Nd5 17.Ne4 Qb6 18.Rf3 Qxb2 19.Nxd6 b5 20.Rb3 Qxa2 21.f5 Qa4 22.Bf3 Qh4
23.fxe6  1-0

[Event "9th Aeroflot Open A"]
[Site "Moscow RUS"]
[Date "2010.02.15"]
[Round "7"]
[White "Efimenko,Z"]
[Black "Khusnutdinov,R"]
[Result "1/2-1/2"]
[WhiteElo "2657"]
[BlackElo "2513"]

1.e4 c5 2.Nf3 e6 3.d4 cxd4 4.Nxd4 Nc6 5.Nc3 Qc7 6.g3 a6 7.Bg2 d6 8.O-O Bd7
9.Nce2 Be7 10.b3 Nf6 11.c4 O-O 12.a4 Rad8 13.Bb2 Bc8 14.Rc1 Ne5 15.f4 Rfe8
16.h3 b6 17.Qc2 Ng6 18.f5 Nf8 19.g4 N6d7 20.Ng3 Bg5 21.Rce1 Ne5 22.Nh5 Nfd7
23.Qc3 Nf6 24.Nf4 Nexg4 25.hxg4 e5 26.Nh3 exd4 27.Qxd4 Bh4 28.g5 Bxe1 29.Rxe1 d5
30.gxf6 Bxf5 31.Nf2 dxc4 32.Qc3 Bg6 33.fxg7 Bh5 34.e5 Re6 35.Ne4 Bg6 36.Qxc4 Qe7
37.Nf2 Qg5 38.Bc1 Qg3 39.Bf4 Qh4 40.Qc1 f6 41.Bh3 Re7 42.exf6 Rxe1+ 43.Qxe1 Qxf6
44.Qe5 Qxg7 45.Qxg7+ Kxg7 46.Bc7 Re8 47.Bxb6 Bc2 48.a5 Bxb3 49.Nd3 Bc4 50.Bd4+ Kf8
51.Ne5 Bb5 52.Bf5 Rd8 53.Bc3 Rd1+ 54.Kg2 h5 55.Kg3 Ke7 56.Kf4 Kd6 57.Bb4+ Kd5
58.Be4+ Kd4 59.Be7 Kc3 60.Nf3 Bc4 61.Bc5 Bd5 62.Bb6 Bxe4 63.Kxe4 Kb4 64.Kf4 Rd5
65.Nd4 Ka3 66.Ne6 Kb4  1/2-1/2